[Event "Madrid ch superveteranos 2020"]
[Site "Madrid ESP"]
[Date "2020.08.28"]
[Round "5.1"]
[White "Gonzalez Rivera, Eduardo"]
[Black "Pashov, Spas Nikolov"]
[Result "1/2-1/2"]
[WhiteElo "2015"]
[BlackElo "1808"]
[PlyCount "30"]
[EventDate "2020.03.09"]
[EventType "swiss"]
[EventRounds "9"]
[EventCountry "ESP"]
[SourceTitle "Ajedrez en Madrid"]
[Source "lmi"]
[SourceDate "2020.03.09"]
[SourceVersion "1"]
[SourceVersionDate "2020.09.01"]
[SourceQuality "1"]

1. e4 e5 2. Nf3 Nc6 3. Bb5 f5 4. Nc3 fxe4 5. Nxe4 Nge7 6. O-O d5 7. Ng3 Bg4 8.
h3 Bxf3 9. Qxf3 Qd6 10. b3 O-O-O 11. a4 Kb8 12. Bb2 g6 13. Qe2 Bh6 14. d4 e4
15. c4 Nf5 1/2-1/2

[Event "Madrid ch superveteranos 2020"]
[Site "Madrid ESP"]
[Date "2020.08.28"]
[Round "5.2"]
[White "Barahona Torrijos, Angel"]
[Black "Casares Ripoll, Fernando"]
[Result "0-1"]
[WhiteElo "1807"]
[BlackElo "2103"]
[PlyCount "51"]
[EventDate "2020.03.09"]
[EventType "swiss"]
[EventRounds "9"]
[EventCountry "ESP"]
[SourceTitle "Ajedrez en Madrid"]
[Source "lmi"]
[SourceDate "2020.03.09"]
[SourceVersion "1"]
[SourceVersionDate "2020.09.01"]
[SourceQuality "1"]

1. e4 e5 2. Nf3 Nc6 3. Nc3 Bb4 4. Nd5 Ba5 5. Bc4 d6 6. O-O Bg4 7. Ne3 Bxf3 8.
Qxf3 Qf6 9. Qh3 Nge7 10. c3 O-O 11. a4 Bb6 12. Nd5 Nxd5 13. exd5 Na5 14. Ba2 c5
15. b4 cxb4 16. cxb4 Bd4 17. Rb1 Qg6 18. bxa5 b6 19. Rb3 f5 20. Bb2 Bc5 21. a6
Qg5 22. Bc3 Qf4 23. a5 Qa4 24. Ra1 bxa5 25. Rb7 Rab8 26. Bb1 0-1

[Event "Madrid ch superveteranos 2020"]
[Site "Madrid ESP"]
[Date "2020.08.28"]
[Round "5.3"]
[White "Martinez De La Puente, Ignacio"]
[Black "Ortiz Landeira, Jose Antonio"]
[Result "0-1"]
[WhiteElo "1678"]
[BlackElo "1751"]
[PlyCount "112"]
[EventDate "2020.03.09"]
[EventType "swiss"]
[EventRounds "9"]
[EventCountry "ESP"]
[SourceTitle "Ajedrez en Madrid"]
[Source "lmi"]
[SourceDate "2020.03.09"]
[SourceVersion "1"]
[SourceVersionDate "2020.09.01"]
[SourceQuality "1"]

1. e4 c5 2. Nc3 Nc6 3. a3 g6 4. Bc4 Bg7 5. Nge2 a6 6. d3 d6 7. Bg5 Nf6 8. Qd2
h6 9. Be3 e5 10. f3 Qe7 11. Nd5 Nxd5 12. Bxd5 Bd7 13. O-O Rc8 14. Rab1 Be6 15.
Bxc6+ Rxc6 16. f4 exf4 17. Nxf4 h5 18. c3 O-O 19. Rf2 Qd7 20. Rbf1 d5 21. exd5
Bxd5 22. Ne2 b6 23. d4 Bc4 24. Rd1 Bxe2 25. Qxe2 cxd4 26. Qxa6 Qg4 27. Rxd4
Bxd4 28. Bxd4 Re6 29. h3 Qd1+ 30. Kh2 Qb3 31. Qb7 Qc4 32. Qf3 Qc7+ 33. Kg1 Re1+
34. Rf1 Rxf1+ 35. Kxf1 Qc4+ 36. Kf2 Qe6 37. Qe3 Qxe3+ 38. Kxe3 b5 39. Kd3 Rc8
40. b3 f5 41. c4 bxc4+ 42. bxc4 Kf7 43. Kc3 Ke6 44. g3 g5 45. Be3 h4 46. gxh4
gxh4 47. Bg5 Rg8 48. Bxh4 Rh8 49. Bg5 Rxh3+ 50. Kb4 Kd6 51. a4 Kc6 52. a5 Rg3
53. Bf4 Rg4 54. Be3 f4 55. Bf2 f3 56. Kc3 Rg2 0-1

[Event "Madrid ch superveteranos 2020"]
[Site "Madrid ESP"]
[Date "2020.08.28"]
[Round "5.4"]
[White "Martin Garcia, Luis I"]
[Black "Fernandez Garcia, Ignacio"]
[Result "1-0"]
[WhiteElo "1834"]
[BlackElo "1803"]
[PlyCount "131"]
[EventDate "2020.03.09"]
[EventType "swiss"]
[EventRounds "9"]
[EventCountry "ESP"]
[SourceTitle "Ajedrez en Madrid"]
[Source "lmi"]
[SourceDate "2020.03.09"]
[SourceVersion "1"]
[SourceVersionDate "2020.09.01"]
[SourceQuality "1"]

1. e4 e6 2. d4 d5 3. Nc3 Nf6 4. Bg5 h6 5. Bxf6 gxf6 6. exd5 exd5 7. Bb5+ c6 8.
Qe2+ Be7 9. Bd3 Rg8 10. O-O-O Rxg2 11. Re1 Rg5 12. h4 Rg4 13. Qe3 Qd6 14. f3
Rg8 15. Nge2 Be6 16. Nf4 Kd7 17. Na4 b6 18. Re2 Re8 19. Nxe6 fxe6 20. Qxh6 Kc7
21. Bg6 Bf8 22. Qd2 Re7 23. h5 Nd7 24. h6 e5 25. Reh2 exd4 26. h7 Bg7 27. h8=Q
Bxh8 28. Rxh8 Rxh8 29. Rxh8 Qg3 30. Qh2 Qxh2 31. Rxh2 Ne5 32. Bh5 Nc4 33. Rh1
Kd6 34. b3 Ne3 35. Nb2 c5 36. Nd1 Nf5 37. Bg4 Ng3 38. Rh6 Ke5 39. Nf2 c4 40.
bxc4 dxc4 41. Ne4 Nxe4 42. fxe4 Kxe4 43. Rxf6 Rg7 44. Re6+ Kd5 45. Bh3 Rh7 46.
Bg4 Rh1+ 47. Kb2 Rg1 48. Rg6 Ke5 49. Bh5 c3+ 50. Ka3 Rb1 51. Be2 Kf4 52. Bd3 b5
53. Rf6+ Kg4 54. Rd6 a5 55. Rxd4+ Kf3 56. Rd5 b4+ 57. Ka4 Ke3 58. Rxa5 Kd2 59.
Rh5 Rb2 60. Rh2+ Kc1 61. Rh4 Rxa2+ 62. Kxb4 Kb2 63. Rh5 Ra8 64. Rb5 Rc8 65. Rc5
Rb8+ 66. Kc4 1-0

[Event "Madrid ch superveteranos 2020"]
[Site "Madrid ESP"]
[Date "2020.08.28"]
[Round "5.5"]
[White "Ramos Isasi, Jose Luis"]
[Black "Ghavami, Mahmoud"]
[Result "1/2-1/2"]
[WhiteElo "1766"]
[BlackElo "1519"]
[PlyCount "111"]
[EventDate "2020.03.09"]
[EventType "swiss"]
[EventRounds "9"]
[EventCountry "ESP"]
[SourceTitle "Ajedrez en Madrid"]
[Source "lmi"]
[SourceDate "2020.03.09"]
[SourceVersion "1"]
[SourceVersionDate "2020.09.01"]
[SourceQuality "1"]

1. d4 Nf6 2. Bf4 b6 3. Nf3 Bb7 4. e3 d6 5. Nbd2 Nbd7 6. Bb5 e6 7. O-O Be7 8.
Re1 O-O 9. h3 a5 10. Bd3 Nh5 11. Bh2 g6 12. e4 Ng7 13. Nf1 Bf6 14. c3 e5 15.
Ne3 Ne8 16. Ng4 Qe7 17. Bb5 c6 18. Bc4 Bg7 19. Bg3 b5 20. Bb3 a4 21. Bc2 Kh8
22. Qd2 f6 23. Rad1 Rd8 24. Qe2 Nb6 25. Ne3 Nc7 26. c4 Ba6 27. Bd3 Qf7 28. d5
c5 29. cxb5 Bc8 30. Nd2 Bd7 31. Ndc4 Nxc4 32. Bxc4 Rb8 33. b3 Nxb5 34. Qd3 Nd4
35. Rb1 axb3 36. axb3 Rfc8 37. f4 Qe8 38. f5 Bh6 39. Ng4 Bg7 40. fxg6 hxg6 41.
Rf1 f5 42. Nf2 g5 43. exf5 Nxf5 44. Ne4 Qg6 45. Be1 Nd4 46. g4 Bb5 47. Bd2 Bh6
48. Rf6 Bxc4 49. bxc4 Rxb1+ 50. Qxb1 Qg7 51. Rxd6 Qh7 52. Qb6 Qxe4 53. Rxh6+
Kg8 54. Rg6+ Kh7 55. Rh6+ Kg8 56. Rg6+ 1/2-1/2

[Event "Madrid ch superveteranos 2020"]
[Site "Madrid ESP"]
[Date "2020.08.28"]
[Round "5.6"]
[White "Infante Martin, Alonso"]
[Black "Martin Vazquez, Jose Luis"]
[Result "0-1"]
[WhiteElo "1373"]
[BlackElo "1741"]
[PlyCount "124"]
[EventDate "2020.03.09"]
[EventType "swiss"]
[EventRounds "9"]
[EventCountry "ESP"]
[SourceTitle "Ajedrez en Madrid"]
[Source "lmi"]
[SourceDate "2020.03.09"]
[SourceVersion "1"]
[SourceVersionDate "2020.09.01"]
[SourceQuality "1"]

1. d4 Nf6 2. c4 g6 3. Nc3 Bg7 4. e4 d6 5. f3 O-O 6. Be3 e5 7. d5 c6 8. Qd2 cxd5
9. cxd5 a6 10. Bd3 b5 11. a3 Re8 12. Nge2 Nbd7 13. b4 Bb7 14. O-O Rc8 15. Rfc1
Nb6 16. Ra2 Nc4 17. Bxc4 Rxc4 18. Rac2 Qd7 19. g4 Rec8 20. Qe1 Ne8 21. Ng3 Bf6
22. g5 Bg7 23. Kg2 f5 24. gxf6 Bxf6 25. Nf1 Ng7 26. Nd2 R4c7 27. Bb6 Nh5 28.
Bxc7 Nf4+ 29. Kh1 Nd3 30. Qg3 Nxc1 31. Rxc1 Rxc7 32. Nb3 Bc8 33. Kg2 Qd8 34.
Kh1 Bh4 35. Qg2 Bg5 36. Rc2 Bf4 37. Nc1 Qh4 38. Nd3 Bh3 39. Qg1 Bd2 40. Qf2
Qxf2 41. Nxf2 Rxc3 42. Rxd2 Rxf3 43. Nxh3 Rxh3 44. Kg2 Rxa3 45. Rc2 Ra4 46. Rc6
Rxb4 47. Rxd6 a5 48. Re6 Rxe4 49. d6 Rd4 50. Rxe5 Rxd6 51. Rxb5 Ra6 52. Rb3 a4
53. Ra3 Kf7 54. h4 Ra5 55. Kg3 h6 56. Kg4 Ra6 57. Kf4 Kf6 58. Kg4 Ke5 59. Kf3
Kd4 60. Ke2 Kc4 61. Kd2 Kb4 62. Ra1 Rf6 0-1

[Event "Madrid ch superveteranos 2020"]
[Site "Madrid ESP"]
[Date "2020.08.28"]
[Round "5.7"]
[White "Salgado Duarte, Pablo"]
[Black "Beekhof Harmsen, Willen"]
[Result "1-0"]
[WhiteElo "1446"]
[BlackElo "1437"]
[PlyCount "75"]
[EventDate "2020.03.09"]
[EventType "swiss"]
[EventRounds "9"]
[EventCountry "ESP"]
[SourceTitle "Ajedrez en Madrid"]
[Source "lmi"]
[SourceDate "2020.03.09"]
[SourceVersion "1"]
[SourceVersionDate "2020.09.01"]
[SourceQuality "1"]

1. d4 Nf6 2. c4 g6 3. Nc3 d5 4. Nf3 Bg7 5. h3 O-O 6. Bf4 c6 7. e3 Re8 8. cxd5
Nxd5 9. Bg3 Qa5 10. Qd2 b5 11. Nxd5 Qxd2+ 12. Nxd2 cxd5 13. Bxb5 Bd7 14. Bxd7
Nxd7 15. O-O e5 16. dxe5 Nxe5 17. Rab1 Nd3 18. b3 Rac8 19. Nf3 Rc2 20. Rfd1 Nb4
21. a3 Nc6 22. Rxd5 Ne7 23. Rd7 Nf5 24. Bh2 Rec8 25. g4 Rc1+ 26. Rxc1 Rxc1+ 27.
Kg2 Nh6 28. Rd8+ Bf8 29. Bd6 Rd1 30. Rxf8+ Kg7 31. Rd8 f6 32. Bf8+ Kf7 33. Rxd1
Kxf8 34. Rd7 Nf7 35. Rxa7 h5 36. Rxf7+ Kxf7 37. g5 f5 38. a4 1-0

[Event "Madrid ch superveteranos 2020"]
[Site "Madrid ESP"]
[Date "2020.08.28"]
[Round "5.8"]
[White "Ramos Antona, Enrique"]
[Black "Garcia Marin, Blas"]
[Result "1-0"]
[WhiteElo "1453"]
[BlackElo "1441"]
[PlyCount "101"]
[EventDate "2020.03.09"]
[EventType "swiss"]
[EventRounds "9"]
[EventCountry "ESP"]
[SourceTitle "Ajedrez en Madrid"]
[Source "lmi"]
[SourceDate "2020.03.09"]
[SourceVersion "1"]
[SourceVersionDate "2020.09.01"]
[SourceQuality "1"]

1. d4 d5 2. c4 Nf6 3. Nc3 Nc6 4. Nf3 h6 5. Bf4 Bg4 6. Ne5 Nxe5 7. Bxe5 a6 8. f3
Be6 9. c5 c6 10. e3 Nd7 11. Bg3 f6 12. Bd3 Bf7 13. Qc2 e6 14. Bg6 Qe7 15. O-O
Bxg6 16. Qxg6+ Qf7 17. Qxf7+ Kxf7 18. Rae1 Re8 19. e4 g5 20. f4 Bg7 21. e5 f5
22. h3 Kg6 23. Bh2 h5 24. fxg5 Kxg5 25. Bf4+ Kg6 26. h4 Bh6 27. g3 Reg8 28. Kh2
Kf7 29. Rg1 Rg4 30. Ne2 Nf8 31. Ref1 Ng6 32. Bxh6 Rxh6 33. b4 Nf8 34. a4 Rhg6
35. Nf4 Rh6 36. Rf3 Ng6 37. Ne2 Re4 38. Rg2 Rg4 39. Rb3 f4 40. Rf3 Ke7 41. Nxf4
Nxf4 42. Rxf4 Rxf4 43. gxf4 Kf7 44. Kh3 Rg6 45. Rg5 Rh6 46. Kg3 Rg6 47. Kf3
Rxg5 48. hxg5 Kg6 49. Kg3 Kh7 50. Kh4 Kg6 51. a5 1-0

[Event "Madrid ch superveteranos 2020"]
[Site "Madrid ESP"]
[Date "2020.08.28"]
[Round "5.9"]
[White "De Los Rios Camacho, Juan Antonio"]
[Black "Perales Hernandez, Manuel"]
[Result "1-0"]
[WhiteElo "1545"]
[BlackElo "1348"]
[PlyCount "113"]
[EventDate "2020.03.09"]
[EventType "swiss"]
[EventRounds "9"]
[EventCountry "ESP"]
[SourceTitle "Ajedrez en Madrid"]
[Source "lmi"]
[SourceDate "2020.03.09"]
[SourceVersion "1"]
[SourceVersionDate "2020.09.01"]
[SourceQuality "1"]

1. e4 e5 2. Nf3 Nc6 3. Bb5 Nge7 4. c3 a6 5. Ba4 d6 6. d4 b5 7. Bc2 Bg4 8. d5
Na5 9. h3 Bh5 10. g4 Bg6 11. Nh4 h6 12. b3 Bh7 13. Be3 c6 14. Nf5 Bxf5 15. gxf5
c5 16. c4 Nb7 17. Nc3 b4 18. Ne2 Ng8 19. f4 Qe7 20. fxe5 dxe5 21. Ng3 Nf6 22.
a3 bxa3 23. Rxa3 a5 24. Qa1 Qc7 25. Bd2 Bd6 26. Rg1 Qd8 27. Ke2 Bc7 28. Nf1 Rg8
29. b4 Nd6 30. Qxe5+ Qe7 31. Qxe7+ Kxe7 32. e5 Nxc4 33. exf6+ gxf6 34. Rxg8
Rxg8 35. Rc3 Nb6 36. d6+ Bxd6 37. bxc5 Be5 38. cxb6 Bxc3 39. Bxc3 Rc8 40. Kd3
Rd8+ 41. Bd4 Rb8 42. Ne3 Kd7 43. Ba4+ Kd6 44. Nc4+ Kd5 45. Nxa5 Kd6 46. Bxf6
Kc5 47. Bd4+ Kb4 48. Nc6+ Kxa4 49. Nxb8 Kb5 50. Ke4 h5 51. Ke5 Kc4 52. b7 f6+
53. Ke4 Kb5 54. Nd7 Kc6 55. b8=Q h4 56. Qc8+ Kd6 57. Bc5# 1-0

[Event "Madrid ch superveteranos 2020"]
[Site "Madrid ESP"]
[Date "2020.08.29"]
[Round "6.1"]
[White "Casares Ripoll, Fernando"]
[Black "Pashov, Spas Nikolov"]
[Result "1-0"]
[WhiteElo "2103"]
[BlackElo "1808"]
[PlyCount "37"]
[EventDate "2020.03.09"]
[EventType "swiss"]
[EventRounds "9"]
[EventCountry "ESP"]
[SourceTitle "Ajedrez en Madrid"]
[Source "lmi"]
[SourceDate "2020.03.09"]
[SourceVersion "1"]
[SourceVersionDate "2020.09.01"]
[SourceQuality "1"]

1. e4 e5 2. Nf3 Nc6 3. Bb5 f5 4. Nc3 fxe4 5. Nxe4 Nge7 6. d4 d5 7. Ng3 e4 8.
Ne5 Bd7 9. Nxd7 Qxd7 10. c3 g6 11. O-O Bg7 12. f3 exf3 13. Rxf3 O-O-O 14. Rf7
Rhg8 15. Bxc6 bxc6 16. Bg5 Bf8 17. Qa4 h6 18. Qxa7 Qe6 19. Bf4 1-0

[Event "Madrid ch superveteranos 2020"]
[Site "Madrid ESP"]
[Date "2020.08.29"]
[Round "6.2"]
[White "Ortiz Landeira, Jose Antonio"]
[Black "Martin Garcia, Luis I"]
[Result "1/2-1/2"]
[WhiteElo "1751"]
[BlackElo "1834"]
[PlyCount "45"]
[EventDate "2020.03.09"]
[EventType "swiss"]
[EventRounds "9"]
[EventCountry "ESP"]
[SourceTitle "Ajedrez en Madrid"]
[Source "lmi"]
[SourceDate "2020.03.09"]
[SourceVersion "1"]
[SourceVersionDate "2020.09.01"]
[SourceQuality "1"]

1. c4 e5 2. Nc3 Nf6 3. d3 Bb4 4. Bd2 Nc6 5. g3 d5 6. cxd5 Nxd5 7. Bg2 Nb6 8.
Nf3 Be6 9. a3 Be7 10. O-O f6 11. Be3 Qd7 12. Bxb6 cxb6 13. b4 O-O 14. b5 Nd4
15. a4 Bb4 16. Nxd4 exd4 17. Ne4 Rac8 18. Rc1 Qf7 19. Nd2 Rxc1 20. Qxc1 Rc8 21.
Qb2 Bc3 22. Qc2 Bb4 23. Qb2 1/2-1/2

[Event "Madrid ch superveteranos 2020"]
[Site "Madrid ESP"]
[Date "2020.08.29"]
[Round "6.4"]
[White "Martin Vazquez, Jose Luis"]
[Black "Salgado Duarte, Pablo"]
[Result "1-0"]
[WhiteElo "1741"]
[BlackElo "1446"]
[PlyCount "77"]
[EventDate "2020.03.09"]
[EventType "swiss"]
[EventRounds "9"]
[EventCountry "ESP"]
[SourceTitle "Ajedrez en Madrid"]
[Source "lmi"]
[SourceDate "2020.03.09"]
[SourceVersion "1"]
[SourceVersionDate "2020.09.01"]
[SourceQuality "1"]

1. e4 e5 2. Nf3 d6 3. d4 Bg4 4. dxe5 Bxf3 5. Qxf3 dxe5 6. Bc4 Nf6 7. Qb3 Qd7 8.
Qxb7 Bc5 9. Bb5 c6 10. Qxd7+ Kxd7 11. Bd3 Rd8 12. Bg5 Ke7 13. O-O Rd6 14. Nd2
Nbd7 15. Nc4 Re6 16. c3 Kf8 17. b4 Bb6 18. a4 h6 19. Nxb6 axb6 20. Bh4 Nh5 21.
Bc2 Nf4 22. Rfd1 Nf6 23. Bb3 Ree8 24. Bxf6 gxf6 25. Bc4 Red8 26. Kf1 Rxd1+ 27.
Rxd1 Rxa4 28. g3 Ne6 29. Bxe6 fxe6 30. Rd6 c5 31. Rxb6 cxb4 32. cxb4 Ke7 33.
Kg2 Kf7 34. f3 Kg6 35. g4 Kg5 36. Kg3 f5 37. h4+ Kf6 38. gxf5 Ra8 39. Rxe6+ 1-0

[Event "Madrid ch superveteranos 2020"]
[Site "Madrid ESP"]
[Date "2020.08.29"]
[Round "6.5"]
[White "Ghavami, Mahmoud"]
[Black "Martinez De La Puente, Ignacio"]
[Result "1/2-1/2"]
[WhiteElo "1519"]
[BlackElo "1678"]
[PlyCount "159"]
[EventDate "2020.03.09"]
[EventType "swiss"]
[EventRounds "9"]
[EventCountry "ESP"]
[SourceTitle "Ajedrez en Madrid"]
[Source "lmi"]
[SourceDate "2020.03.09"]
[SourceVersion "1"]
[SourceVersionDate "2020.09.01"]
[SourceQuality "1"]

1. e4 e6 2. d4 d5 3. exd5 exd5 4. Bf4 Nf6 5. Bd3 Bd6 6. Ne2 O-O 7. O-O Bg4 8.
Qd2 c6 9. Bxd6 Qxd6 10. c3 Re8 11. h3 Bh5 12. Nf4 Nbd7 13. Nxh5 Nxh5 14. Qc2
Nf8 15. Nd2 Re7 16. Rae1 Rae8 17. Rxe7 Rxe7 18. Nf3 Nf4 19. Re1 h6 20. Rxe7
Qxe7 21. Bf1 Nd7 22. b4 Nf6 23. g3 Ng6 24. Bd3 Nf8 25. Ne5 Ne4 26. a4 f6 27.
Ng4 Ng5 28. Kg2 Nd7 29. Ne3 b6 30. Nf5 Qe6 31. h4 Nf7 32. Qe2 Qxe2 33. Bxe2 Kf8
34. f4 g6 35. Ne3 Nd6 36. Bd3 Kf7 37. Kf3 Nf8 38. g4 Ke6 39. f5+ Kf7 40. Nc2 g5
41. hxg5 hxg5 42. Na3 Ke7 43. c4 dxc4 44. Nxc4 Nxc4 45. Bxc4 Kd6 46. Ke4 Nd7
47. Be6 Nb8 48. Bc4 c5 49. bxc5+ bxc5 50. d5 Nd7 51. a5 Ne5 52. Be2 Nf7 53. Bc4
Nd8 54. Ba6 Nf7 55. Bc4 Ne5 56. Be2 Kc7 57. Ke3 Kd6 58. Ke4 c4 59. Kd4 c3 60.
Kxc3 Kxd5 61. Kb4 Nc6+ 62. Kb5 Nd4+ 63. Ka6 Nxe2 64. Kxa7 Nd4 65. Kb7 Kd6 66.
Kb6 Nc6 67. a6 Kd7 68. Kb7 Kd6 69. Kb6 Ne7 70. Kb7 Nc6 71. Kb6 Kd5 72. Kc7 Kc5
73. Kd7 Kd5 74. Kc7 Na7 75. Kd7 Nb5 76. Ke7 Ke5 77. Kd7 Kd5 78. Ke7 Ke5 79. Kd7
Kd5 80. Ke7 1/2-1/2

[Event "Madrid ch superveteranos 2020"]
[Site "Madrid ESP"]
[Date "2020.08.29"]
[Round "6.6"]
[White "Fernandez Garcia, Ignacio"]
[Black "Ramos Isasi, Jose Luis"]
[Result "1/2-1/2"]
[WhiteElo "1803"]
[BlackElo "1766"]
[PlyCount "89"]
[EventDate "2020.03.09"]
[EventType "swiss"]
[EventRounds "9"]
[EventCountry "ESP"]
[SourceTitle "Ajedrez en Madrid"]
[Source "lmi"]
[SourceDate "2020.03.09"]
[SourceVersion "1"]
[SourceVersionDate "2020.09.01"]
[SourceQuality "1"]

1. e4 c5 2. Nf3 d6 3. Bc4 e6 4. Nc3 Nf6 5. d3 a6 6. a4 Be7 7. Bg5 h6 8. Bd2 Nc6
9. h3 Nd4 10. Nxd4 cxd4 11. Ne2 e5 12. f4 Be6 13. fxe5 dxe5 14. Bxe6 fxe6 15.
Ng3 O-O 16. O-O Rc8 17. c4 dxc3 18. Bxc3 Bc5+ 19. Kh1 Bd4 20. Bxd4 exd4 21. Qb3
Qd7 22. Rf3 Kh8 23. Raf1 e5 24. Nh5 Rc6 25. g4 Rd6 26. Rf5 Qe7 27. R5f3 Rc6 28.
Ng3 Qc7 29. h4 Rc1 30. g5 Rxf1+ 31. Nxf1 hxg5 32. hxg5 Nh7 33. Rxf8+ Nxf8 34.
Qd1 Qf7 35. Kg2 Ne6 36. Qg4 Nf4+ 37. Kg1 Qh5 38. Qc8+ Kh7 39. Qf5+ Ng6 40. Ng3
Qd1+ 41. Kh2 Qd2+ 42. Kg1 Qxd3 43. Qg4 Qe3+ 44. Kh2 Qf2+ 45. Kh1 1/2-1/2

[Event "Madrid ch superveteranos 2020"]
[Site "Madrid ESP"]
[Date "2020.08.29"]
[Round "6.7"]
[White "Rufo Yebra, Benito"]
[Black "Ramos Antona, Enrique"]
[Result "0-1"]
[WhiteElo "1360"]
[BlackElo "1453"]
[PlyCount "104"]
[EventDate "2020.03.09"]
[EventType "swiss"]
[EventRounds "9"]
[EventCountry "ESP"]
[SourceTitle "Ajedrez en Madrid"]
[Source "lmi"]
[SourceDate "2020.03.09"]
[SourceVersion "1"]
[SourceVersionDate "2020.09.01"]
[SourceQuality "1"]

1. d4 d6 2. e3 Nf6 3. Nc3 g6 4. Bc4 Bg7 5. Nf3 O-O 6. h3 a6 7. g4 b5 8. Bd3 Bb7
9. e4 b4 10. Ne2 Nxe4 11. Bxe4 Bxe4 12. Ng3 Bb7 13. b3 c5 14. Bb2 Nd7 15. h4
cxd4 16. Bxd4 Bxf3 17. Qxf3 Bxd4 18. O-O-O Bg7 19. h5 Qa5 20. hxg6 Qg5+ 21. Qe3
Qxe3+ 22. fxe3 fxg6 23. Ne4 h6 24. g5 h5 25. Nd2 Ne5 26. Rh4 Nf3 27. Rxb4 Nxg5
28. Rb7 Rf7 29. a4 e6 30. Rb6 d5 31. c4 dxc4 32. Nxc4 a5 33. Rb5 Ne4 34. Rxa5
Rxa5 35. Nxa5 Rc7+ 36. Nc4 Kh7 37. a5 Bc3 38. a6 Ra7 39. Nd6 Nxd6 40. Rxd6 e5
41. Kc2 Bb4 42. Re6 Kh6 43. Kd3 h4 44. Ke2 Bc3 45. Kd3 Be1 46. Ke2 Bc3 47. Kd3
h3 48. Kxc3 h2 49. Re8 h1=Q 50. b4 Rxa6 51. Kc4 Qc6+ 52. Kb3 Qxe8 0-1

[Event "Madrid ch superveteranos 2020"]
[Site "Madrid ESP"]
[Date "2020.08.29"]
[Round "6.8"]
[White "Garcia Marin, Blas"]
[Black "Infante Martin, Alonso"]
[Result "0-1"]
[WhiteElo "1441"]
[BlackElo "1373"]
[PlyCount "68"]
[EventDate "2020.03.09"]
[EventType "swiss"]
[EventRounds "9"]
[EventCountry "ESP"]
[SourceTitle "Ajedrez en Madrid"]
[Source "lmi"]
[SourceDate "2020.03.09"]
[SourceVersion "1"]
[SourceVersionDate "2020.09.01"]
[SourceQuality "1"]

1. e4 e5 2. Nf3 Nc6 3. Bc4 Nf6 4. d3 d6 5. c3 Be7 6. O-O O-O 7. Nbd2 Re8 8. Bb3
a6 9. Re1 Bf8 10. Nf1 g6 11. Ng3 Bg7 12. Bg5 h6 13. Be3 b6 14. Nh4 Bg4 15. f3
Bd7 16. Nxg6 Na5 17. Nf5 Nxb3 18. Qxb3 Be6 19. c4 fxg6 20. Nxh6+ Kh7 21. Ng4
Bxg4 22. fxg4 Nxg4 23. Qd1 Qh4 24. h3 Nxe3 25. Rxe3 Bh6 26. Rf3 Rf8 27. g4 Rf4
28. Qe2 Rxf3 29. Qxf3 Rf8 30. Qg2 Be3+ 31. Kh1 Rf2 32. Rf1 Rxg2 33. Kxg2 Bf4
34. Rf3 Qe1 0-1

[Event "Madrid ch superveteranos 2020"]
[Site "Madrid ESP"]
[Date "2020.08.29"]
[Round "6.9"]
[White "Beekhof Harmsen, Willen"]
[Black "Perales Hernandez, Manuel"]
[Result "0-1"]
[WhiteElo "1437"]
[BlackElo "1348"]
[PlyCount "84"]
[EventDate "2020.03.09"]
[EventType "swiss"]
[EventRounds "9"]
[EventCountry "ESP"]
[SourceTitle "Ajedrez en Madrid"]
[Source "lmi"]
[SourceDate "2020.03.09"]
[SourceVersion "1"]
[SourceVersionDate "2020.09.01"]
[SourceQuality "1"]

1. Nf3 d6 2. g3 e5 3. c3 c6 4. Bg2 Nf6 5. b4 Be7 6. O-O Bd7 7. a4 Qc8 8. Ng5 h6
9. Ne4 Bh3 10. f4 Bxg2 11. Nxf6+ Bxf6 12. Kxg2 Qg4 13. h3 Qg6 14. f5 Qh7 15. d4
d5 16. Nd2 exd4 17. cxd4 Bxd4 18. Ra3 Nd7 19. e4 Nf6 20. Nf3 Bb6 21. a5 Bc7 22.
Re3 dxe4 23. Bb2 Rd8 24. Qe2 Qxf5 25. Bxf6 gxf6 26. Rxe4+ Kf8 27. g4 Rg8 28.
Kh1 Qc8 29. Qe3 Kg7 30. Nh4 Rd5 31. Rf5 Rd1+ 32. Kg2 Qd7 33. Rf2 Kh7 34. Re7
Rxg4+ 35. Kf3 Rg3+ 36. Ke2 Rxe3+ 37. Rxe3 Rd2+ 38. Kf3 Rxf2+ 39. Kxf2 Qd4 40.
Nf5 Qxb4 41. Re7 Qc5+ 42. Kf3 Qxf5+ 0-1

[Event "Madrid ch superveteranos 2020"]
[Site "Madrid ESP"]
[Date "2020.08.30"]
[Round "7.1"]
[White "Gonzalez Rivera, Eduardo"]
[Black "Casares Ripoll, Fernando"]
[Result "0-1"]
[WhiteElo "2015"]
[BlackElo "2103"]
[PlyCount "138"]
[EventDate "2020.03.09"]
[EventType "swiss"]
[EventRounds "9"]
[EventCountry "ESP"]
[SourceTitle "Ajedrez en Madrid"]
[Source "lmi"]
[SourceDate "2020.03.09"]
[SourceVersion "1"]
[SourceVersionDate "2020.09.01"]
[SourceQuality "1"]

1. e4 e5 2. Nf3 Nc6 3. Bb5 g6 4. d3 Bg7 5. Be3 Nge7 6. Qd2 h6 7. Bc4 d5 8. exd5
Nxd5 9. Bxd5 Qxd5 10. Nc3 Qa5 11. Ne4 Qxd2+ 12. Bxd2 Bg4 13. Nh4 Nd4 14. O-O g5
15. h3 Be6 16. Nf3 Nxf3+ 17. gxf3 Bxh3 18. Rfe1 O-O-O 19. Ng3 Rhe8 20. Kh2 Bd7
21. Bc3 f5 22. Re2 Re7 23. Nh5 Bh8 24. f4 e4 25. Bxh8 Rxh8 26. f3 Bc6 27. Rae1
Rhe8 28. dxe4 fxe4 29. fxg5 hxg5 30. Nf6 Rf8 31. Nxe4 Bxe4 32. fxe4 Re5 33. Rg1
Rf4 34. Rg3 Rh4+ 35. Kg1 Rhxe4 36. Rxe4 Rxe4 37. Rxg5 Re2 38. Rg2 Re1+ 39. Kf2
Rb1 40. b3 Rb2 41. Ke3 Rxa2 42. Kd3 b6 43. Kc3 Ra5 44. Rg8+ Kb7 45. Rg7 Rd5 46.
Rh7 Rc5+ 47. Kb2 a5 48. Rg7 Rd5 49. c4 Rd8 50. Rh7 Kc6 51. Rh5 Rd7 52. Rg5 Re7
53. Rh5 Kb7 54. Rh6 Re5 55. Rg6 c6 56. Rh6 b5 57. cxb5 cxb5 58. Ka3 Rc5 59. b4
Rc3+ 60. Kb2 axb4 61. Rg6 Rc6 62. Rxc6 Kxc6 63. Kb3 Kc5 64. Kb2 Kc4 65. Kc2 b3+
66. Kb2 Kb4 67. Kb1 Ka3 68. Ka1 b4 69. Kb1 b2 0-1

[Event "Madrid ch superveteranos 2020"]
[Site "Madrid ESP"]
[Date "2020.08.30"]
[Round "7.2"]
[White "Martin Garcia, Luis I"]
[Black "Martin Vazquez, Jose Luis"]
[Result "1-0"]
[WhiteElo "1834"]
[BlackElo "1741"]
[PlyCount "39"]
[EventDate "2020.03.09"]
[EventType "swiss"]
[EventRounds "9"]
[EventCountry "ESP"]
[SourceTitle "Ajedrez en Madrid"]
[Source "lmi"]
[SourceDate "2020.03.09"]
[SourceVersion "1"]
[SourceVersionDate "2020.09.01"]
[SourceQuality "1"]

1. e4 c5 2. Nf3 Nc6 3. d4 cxd4 4. Nxd4 g6 5. Nc3 Bg7 6. Be3 Nf6 7. Bc4 O-O 8.
Bb3 Ng4 9. Qxg4 Nxd4 10. Bxd4 Bxd4 11. Qg3 Qa5 12. O-O-O Bxc3 13. bxc3 d6 14.
h4 h5 15. Qxg6+ Kh8 16. Bxf7 Rxf7 17. Qxf7 Qe5 18. Rd5 Be6 19. Rxe5 Bxf7 20.
Rxe7 1-0